000 00733nam a2200217Ii 4500
003 JO-AjNU
008 230605s9999||||xx |||||||||||||| ||und||
017 _a1432/9213
020 _a978-603-8072-07-3
040 _aJO-AjNU
_bara
_erda
_cJO-AjNU
041 _aara
050 1 4 _aPJ7858 2011
100 3 _aالنحوي، عدنان بن علي رضا بن محمد,
_eauthor
_950541
245 0 0 _aديوان حنين وأمل
264 3 1 _aالرياض: دار النحوي للنشر والتوزيع، 2011
300 _a139ص
336 _atext
_btxt
_2rdacontent
337 _aunmediated
_bn
_2rdamedia
338 _avolume
_bnc
_2rdacarrier
650 4 _aالعصر الحديث - الشعر العربي الحديث
_950542
999 _aA22270
_c25838
_d25838